English language learning and technology: lectures on applied linguistics in the age of information and communication technology
Guardat en:
| Autor principal: | |
|---|---|
| Format: | Llibre |
| Idioma: | anglès |
| Publicat: |
Amsterdam
John Benjamins
2003
|
| Col·lecció: | Language Learning and Language Teaching, 7
|
| Matèries: | |
| Etiquetes: |
Afegir etiqueta
Sense etiquetes, Sigues el primer a etiquetar aquest registre!
|
MARC
| LEADER | 00000nam a2200000 a 4500 | ||
|---|---|---|---|
| 001 | UCL9513 | ||
| 003 | CL-VaPUC | ||
| 008 | 040813e20030000NE |||||||||||||||||eng|d | ||
| 020 | |a 9027217041 | ||
| 082 | 0 | 4 | |a 428.0071 |b CHA |2 21 |
| 100 | 0 | |a Chapelle, Carol A |e author |9 487380 | |
| 245 | 1 | 0 | |a English language learning and technology: lectures on applied linguistics in the age of information and communication technology |
| 300 | |a 211 p | ||
| 942 | |c BK | ||
| 945 | |d 20040813 00:00:00 |a cmena | ||
| 260 | |a Amsterdam |b John Benjamins |c 2003 | ||
| 650 | 0 | |a Educación lingüística |9 306506 | |
| 650 | 0 | |a Lengua inglesa |9 318842 | |
| 650 | 0 | |a Métodos de enseñanza |9 270413 | |
| 650 | 0 | |a Adquisición del lenguaje |9 309032 | |
| 650 | 0 | |a Innovaciones pedagógicas |9 307471 | |
| 583 | |a last modification |c 20040813 00:00:00 |k Rodrigo Vera | ||
| 490 | 0 | |a Language Learning and Language Teaching, 7 | |
| 999 | |c 310279 |d 310277 | ||
| 952 | |0 0 |1 0 |4 0 |6 428_007100000000000_CHA_2003 |7 0 |8 A |9 378569 |a FDOPOS |b FDOPOS |d 2019-11-21 |i 4089790 |o 428.0071 CHA 2003 |p 4089790 |r 2025-01-22 |w 2019-11-21 |y BK |k MLA | ||